Les titres musicaux n°1 en France en 2020 - Statistiques

Statistiques générales
  • Ce quiz a été pris 289 fois
  • Le résultat moyen est 11 sur 25
Statistiques - réponses
Titre Interprète % Correct
Bande organisée Jul, SCH, Naps, Kofs, Elams, Solda, Houari, Soso Maness
91%
Grand bain Dadju, Ninho
85%
6.3 Naps, Ninho
83%
Angela Hatik
82%
Lettre à une femme Ninho
81%
Jolie nana Aya Nakamura
80%
Ne reviens pas Gradur, Heuss l'Enfoiré
77%
Dans l'espace Gambi, Heuss l'Enfoiré
75%
Blinding Lights The Weeknd
71%
Djomb Bosh
67%
On BTS, Sia
48%
Dynamite BTS
46%
Jauné Booba, Zed
42%
Stuck with U Ariana Grande, Justin Bieber
37%
Mais je t'aime Grand Corps Malade, Camille Lellouche
31%
Les mots bleus Christophe
28%
Stupid Love Lady Gaga
26%
Nos célébrations Indochine
25%
Habibi Kendji Girac
18%
Jerusalema Master KG, Burna Boy, Nomcebo Zikode
12%
On fait comme si Calogero
10%
Et demain? Et demain ? Le Collectif
5%
Pour les gens du secours Florent Pagny, Pascal Obispo, Marc Lavoine
4%
A vava Inouva Idir
3%
Living in a Ghost town The Rolling Stones
2%
Aucun quiz correspondant
Distribution des résultats
% des personnes avec chaque résultat
Percentile par nombre de réponses
Votre historique - résultats
Vous n’avez pas pris ce quiz